Tratado de las enfermedades del sistema nervioso / (Record no. 50868)

MARC details
000 -LEADER
campo de control de longitud fija 00613nam a2200181 i 4500
001 - NÚMERO DE CONTROL
campo de control 50868
003 - IDENTIFICADOR DE NÚMERO DE CONTROL
campo de control ES-MaACL
005 - FECHA Y HORA DE LA ÚLTIMA TRANSACCIÓN
campo de control 20230906162242.0
007 - CAMPO FIJO DE DESCRIPCIÓN FÍSICA--INFORMACIÓN GENERAL
campo de control de longitud fija t|
008 - DATOS DE LONGITUD FIJA--INFORMACIÓN GENERAL
campo de control de longitud fija 030807s1932 sp ||||1| spa d
100 1# - ENTRADA PRINCIPAL--NOMBRE DE PERSONA
Nombre de persona Curschmann, Hans.
9 (RLIN) 42235
245 10 - MENCIÓN DEL TÍTULO
Título Tratado de las enfermedades del sistema nervioso /
Mención de responsabilidad, etc. publicado bajo la dirección de Hans Curschmann y Franz Kramer ; traducción de la 2ª edición alemana por Ramón Sarro.
260 ## - PUBLICACIÓN, DISTRIBUCIÓN, ETC.
Lugar de publicación, distribución, etc. Barcelona :
Nombre del editor, distribuidor, etc. Labor,
Fecha de publicación, distribución, etc. 1932.
300 ## - DESCRIPCIÓN FÍSICA
Extensión 994 p. ;
Dimensiones 26 cm.
700 1# - ENTRADA AGREGADA--NOMBRE PERSONAL
Nombre de persona Kramer, Franz.
9 (RLIN) 68727
700 1# - ENTRADA AGREGADA--NOMBRE PERSONAL
Nombre de persona Sarró, Ramón.
9 (RLIN) 103872
852 ## - LOCALIZACIÓN
Ubicación ES-MaACL
Número de control de estantería E-1299
Holdings
Estatus retirado Estado de pérdida Estado de daño No para préstamo Biblioteca de origen Biblioteca actual Ubicación en estantería Fecha de adquisición Fuente de adquisición Total de préstamos Signatura topográfica completa Código de barras Visto por última vez Precio de reemplazo Tipo de ítem Koha
        Biblioteca del Ateneo de Madrid Biblioteca del Ateneo de Madrid Depósito 2 17/01/2008     E-1299 1053498 23/02/2023 23/02/2023 Libro impreso